Statistics for German Football A-Z

Click here to take the quiz!

General Stats

  • This quiz has been taken 93 times
  • The average score is 15 of 22

Answer Stats

ClueAnswer% Correct
BClub that plays in the Allianz ArenaFC Bayern Munich
100%
DBVB is from this cityDortmund
98%
O___ KahnOliver
95%
A___ SchürrleAndré
92%
NGoalkeeper that played for Schalke and BayernManuel Neuer
89%
LHeadcoach during the world cup win in 2014Joachim Löw
86%
KAll-time topscorer national teamMiroslav Klose
86%
J___ KimmichJoshua
85%
F_____ DüsseldorfFortuna
75%
PPlayer who scored 46 times for Germany, Prinz Poldi is his nicknameLucas Podolski
74%
WThis club won the Bundesliga 4 timesWerder Bremen
69%
V__ WolfsburgVfL
65%
GSchalke 04 is from this cityGelsenkirchen
61%
CGerman player at Juventus in 2019Emre Can
59%
T'Goal' in GermanTor
52%
UPresident at Bayern Munich: __ HoeneßUli
52%
SBiggest stadium in the leagueSignal Iduna Park
51%
H'Die Rothosen'Hamburger SV
50%
RWon the Ballon d'Or in 1980 and 1981Karl-Heinz Rummenigge
47%
IClub that plays in Audi-SportparkFC Ingolstadt 04
45%
MMost caps for national teamLothar Matthäus
45%
E'Adlerträger'Eintracht Frankurt
30%

Score Distribution

Percentile by Number Answered

Percent of People with Each Score

Your Score History

You have not taken this quiz